01203nam a2200277Ii 4500003000900000005001700009008004100026020001800067040003300085041000800118082002100126110011800147245012200265264007900387300005100466336002600517337002800543338002700571650005400598650003300652650003800685650005200723700006500775700004100840700004400881CO-ViMGA20241129152729.0241108s9999||||xx |||||||||||||| ||und|| a9789585360945 aCO-ViMGAbspaerdacCO-ViMGA0 aspa04a787.7309861 Q83t1 aTorneo Internacional del Joropo Miguel Ángel Martín (53o. : 2021 : Villavicencio, San Martín de los Llanos)10a53º Torneo Internacional del Joropo Miguel Ángel Martín.bHomenaje al cantor de todos los tiempos: Juan Farfán 1aVillavicencio, Meta, Colombia.bCorporación Cultural Entreletras, c2021 a198 páginas,bfotografías a color, c30 cm atextbtxt2rdacontent aunmediatedbn2rdamedia avolumebnc2rdacarrier 2ARMARCa53 Torneo Internancional del Joropoy2021 2ARMARCaXV Joropo Académco 2ARMARCaHomenajeado Juan Farfán 2ARMARCaManifestaciones del patrimonio cultural aJaime Fernando MolanoeCorrección Idiomática y de estilo aJhon MorenodAsesoría de contenido aDiego TorreseDiseño y diagramación